[Event "FIDE World Senior Team Championship 2020"]
[Site "Olympik hotel, Sokolovska 138, Prague"]
[Date "2020.03.12"]
[Round "7.1.1"]
[White "Vaisser, Anatoly"]
[Black "Birnboim, Nathan"]
[Result "1-0"]
[WhiteElo "2495"]
[BlackElo "2369"]
[PlyCount "80"]
[WhiteTeam "FRA"]
[BlackTeam "ISR1"]
[EventDate "2020.03.06"]

1. d4 Nf6 2. c4 e5 3. dxe5 Ng4 4. e3 Nxe5 5. Nc3 g6 6. Nf3 Nxf3+ 7. Qxf3 Bg7 8.
Qe4+ Kf8 9. Bd2 d6 10. Be2 h5 11. Qc2 Nc6 12. Nd5 Ne5 13. Bc3 c6 14. Nf4 Ng4
15. Rd1 Qe7 16. Qd2 Be5 17. Bb4 g5 18. Nd3 c5 19. Nxe5 Nxe5 20. Bc3 Rh6 21. Qd5
Rb8 22. Bxe5 Qxe5 23. Qxe5 dxe5 24. Rd8+ Ke7 25. Rg8 Rd6 26. Rxg5 Kf6 27. Rg8
Ra6 28. a3 Rb6 29. Bxh5 Rxb2 30. O-O b5 31. Bg4 bxc4 32. Rxc8 Rxc8 33. Bxc8 c3
34. Ba6 e4 35. f3 Ke5 36. Rc1 Rb3 37. Bc4 Rxa3 38. Bxf7 exf3 39. gxf3 Kd6 40.
h4 c4 1-0

[Event "FIDE World Senior Team Championship 2020"]
[Site "Olympik hotel, Sokolovska 138, Prague"]
[Date "2020.03.12"]
[Round "7.2.1"]
[White "Klundt, Klaus"]
[Black "Balashov, Yuri S"]
[Result "0-1"]
[WhiteElo "2299"]
[BlackElo "2465"]
[PlyCount "78"]
[WhiteTeam "GER5"]
[BlackTeam "RUS"]
[EventDate "2020.03.06"]

1. e4 c5 2. Nf3 d6 3. d4 Nf6 4. Nc3 cxd4 5. Nxd4 a6 6. Be3 e5 7. Nb3 Be7 8. Qd2
O-O 9. Be2 a5 10. Rd1 a4 11. Nc1 Nc6 12. O-O a3 13. b3 Be6 14. Bf3 Qa5 15. Nd5
Bxd5 16. exd5 Qxd2 17. Rxd2 Nb4 18. c3 Na6 19. Be2 Rfc8 20. Bxa6 Rxa6 21. c4 b5
22. cxb5 Ra5 23. f3 Rxb5 24. Rfd1 Bd8 25. Ne2 Ba5 26. Rd3 h5 27. Rc1 Rxc1+ 28.
Bxc1 Bb4 29. Nc3 Rc5 30. Bd2 Bxc3 31. Bxc3 e4 32. fxe4 Nxe4 33. Be1 Rc2 34. Rd4
f5 35. Kf1 Rxa2 36. Ra4 Nf6 37. Bb4 Nxd5 38. Bxd6 Ne3+ 39. Ke1 f4 0-1

[Event "FIDE World Senior Team Championship 2020"]
[Site "Olympik hotel, Sokolovska 138, Prague"]
[Date "2020.03.12"]
[Round "7.2.3"]
[White "Kannenberg, Karl-Heinz"]
[Black "Rashkovsky, Nukhim N"]
[Result "0-1"]
[WhiteElo "2118"]
[BlackElo "2440"]
[PlyCount "94"]
[WhiteTeam "GER5"]
[BlackTeam "RUS"]
[EventDate "2020.03.06"]

1. d4 Nf6 2. Nf3 g6 3. e3 Bg7 4. Be2 O-O 5. O-O d6 6. c4 Nfd7 7. Nc3 e5 8. Qc2
Nc6 9. Rd1 f5 10. c5 e4 11. Ne1 Nf6 12. cxd6 cxd6 13. b4 Kh8 14. b5 Na5 15. Bd2
Be6 16. Qa4 b6 17. Rac1 d5 18. Nb1 f4 19. exf4 Bg4 20. Bxg4 Nxg4 21. h3 Nh6 22.
Na3 Nf5 23. Be3 g5 24. fxg5 Nxe3 25. fxe3 Qxg5 26. Nec2 Rf3 27. Kh1 Rf2 28. Rg1
Rg8 29. Rcf1 Rxf1 30. Rxf1 Bf8 31. Rf2 Bd6 32. Kg1 Qg3 33. Kf1 Qh2 34. Ne1 Bg3
35. Qc2 Qh1+ 36. Ke2 Bxf2 37. Kxf2 Rf8+ 38. Ke2 Qh2 39. Kd1 Qd6 40. Qc3 Kg7 41.
Qb2 h5 42. Qc3 Rf7 43. Nac2 Nc4 44. Nb4 Rf2 45. Kc1 Re2 46. Nbc2 Qg3 47. Qb4
Kf7 0-1

[Event "FIDE World Senior Team Championship 2020"]
[Site "Olympik hotel, Sokolovska 138, Prague"]
[Date "2020.03.12"]
[Round "7.2.4"]
[White "Zhelnin, Vladimir V"]
[Black "Seibold, Hubert, Dr."]
[Result "1-0"]
[WhiteElo "2404"]
[BlackElo "2123"]
[PlyCount "63"]
[WhiteTeam "RUS"]
[BlackTeam "GER5"]
[EventDate "2020.03.06"]

1. e4 c5 2. Nf3 g6 3. d4 cxd4 4. Nxd4 Bg7 5. c4 Nc6 6. Be3 Nf6 7. Nc3 d6 8. Be2
O-O 9. O-O Bd7 10. Rc1 Nxd4 11. Bxd4 Bc6 12. f3 a5 13. b3 Nd7 14. Be3 Nc5 15.
Qd2 Be5 16. Bh6 Bg7 17. Bg5 b6 18. Kh1 Ra7 19. Rfe1 f6 20. Be3 Kh8 21. Bf1 f5
22. exf5 gxf5 23. Nd5 Be5 24. Bg5 Bxd5 25. Qxd5 f4 26. Rxe5 dxe5 27. Qxe5+ Kg8
28. Bxf4 e6 29. Bg5 Qd7 30. Bh6 Rf5 31. Qg3+ Kh8 32. Qb8+ 1-0

[Event "FIDE World Senior Team Championship 2020"]
[Site "Olympik hotel, Sokolovska 138, Prague"]
[Date "2020.03.12"]
[Round "7.3.1"]
[White "Knaak, Rainer"]
[Black "Uddenfeldt, Dan"]
[Result "1-0"]
[WhiteElo "2478"]
[BlackElo "2320"]
[PlyCount "131"]
[WhiteTeam "GER1"]
[BlackTeam "SWE1"]
[EventDate "2020.03.06"]

1. d4 Nf6 2. c4 e6 3. Nc3 Bb4 4. e3 O-O 5. Bd2 c5 6. a3 Bxc3 7. Bxc3 Ne4 8. Rc1
Qf6 9. Nf3 d6 10. dxc5 Nxc3 11. Rxc3 dxc5 12. Qd6 Nd7 13. Bd3 Re8 14. Qg3 e5
15. Nd2 Qe7 16. O-O Nf6 17. f3 Nh5 18. Qf2 f5 19. Be2 Nf6 20. Rc2 Be6 21. Nb1
Rad8 22. Nc3 Rd7 23. e4 fxe4 24. fxe4 Rd4 25. Nb5 Rxe4 26. Nxa7 Rd8 27. Nb5 Rf4
28. Qe1 Bf5 29. Rd2 Rxf1+ 30. Bxf1 e4 31. Rxd8+ Qxd8 32. Qf2 g6 33. h3 Qe7 34.
Qe3 Bd7 35. Nc3 Qe5 36. b4 b6 37. bxc5 bxc5 38. a4 Nh5 39. a5 Ng3 40. a6 Qd4
41. Nd5 Kf7 42. Qxd4 cxd4 43. Kf2 Nxf1 44. Kxf1 Ke6 45. Nb4 Bc8 46. c5 Bxa6+
47. Nxa6 Kd5 48. h4 Kc6 49. Ke2 Kb5 50. Nb8 Kxc5 51. Nd7+ Kc4 52. Nf6 e3 53.
Ne4 Kd5 54. Ng5 Kc4 55. Nf3 Kc3 56. Ne5 Kc2 57. g4 Kc3 58. g5 Kc2 59. Nd3 Kc3
60. Ne1 Kc4 61. Ng2 Kd5 62. Kf3 Ke5 63. Nf4 Kf5 64. Ne2 d3 65. Nd4+ Ke5 66.
Kxe3 1-0

[Event "FIDE World Senior Team Championship 2020"]
[Site "Olympik hotel, Sokolovska 138, Prague"]
[Date "2020.03.12"]
[Round "7.3.2"]
[White "Renman, Nils-Gustaf"]
[Black "Chevelevitch, Evgueni, Dr."]
[Result "1/2-1/2"]
[WhiteElo "2307"]
[BlackElo "2391"]
[PlyCount "104"]
[WhiteTeam "SWE1"]
[BlackTeam "GER1"]
[EventDate "2020.03.06"]

1. d4 Nf6 2. c4 g6 3. Nc3 Bg7 4. e4 d6 5. h3 O-O 6. Nf3 e5 7. d5 a5 8. g4 Na6
9. Be3 Nc5 10. Nd2 Bd7 11. Be2 c6 12. g5 Ne8 13. h4 a4 14. a3 Qa5 15. h5 Nc7
16. Kf1 N7a6 17. Bg4 Bxg4 18. Qxg4 Nd3 19. Qh3 Rfe8 20. hxg6 hxg6 21. Ne2 Kf8
22. Qh7 Qd8 23. Rh3 Nac5 24. Rf3 Nf4 25. Nxf4 exf4 26. Rxf4 Qxg5 27. Rxf7+ Kxf7
28. Bxg5 Rh8 29. Qxh8 Rxh8 30. Ke2 cxd5 31. cxd5 Bxb2 32. Rb1 Bd4 33. Nf3 Bf6
34. Be3 Nxe4 35. Rxb7+ Ke8 36. Bd4 Rh3 37. Rb4 Bxd4 38. Rxd4 Nc5 39. Rg4 Rh5
40. Rg5 Kf7 41. Ke3 Kf6 42. Rxh5 gxh5 43. Kf4 Nd3+ 44. Ke3 Ne5 45. Nd2 Ng4+ 46.
Kf4 Nxf2 47. Nc4 Nd3+ 48. Ke3 Nc5 49. Kf4 Ke7 50. Nb2 Kd7 51. Kg5 Kc7 52. Kxh5
Kb7 1/2-1/2

[Event "FIDE World Senior Team Championship 2020"]
[Site "Olympik hotel, Sokolovska 138, Prague"]
[Date "2020.03.12"]
[Round "7.3.3"]
[White "Hort, Vlastimil"]
[Black "Wahlbom, Magnus"]
[Result "0-1"]
[WhiteElo "2397"]
[BlackElo "2176"]
[PlyCount "88"]
[WhiteTeam "GER1"]
[BlackTeam "SWE1"]
[EventDate "2020.03.06"]

1. c4 Nf6 2. Nc3 g6 3. e4 d6 4. d4 Bg7 5. Nge2 O-O 6. Ng3 Nbd7 7. Be2 c6 8. Be3
a6 9. a4 e5 10. d5 c5 11. a5 Rb8 12. Qd2 b6 13. O-O h5 14. Bg5 Qc7 15. Rfb1 Nh7
16. Bh6 h4 17. Nf1 Qd8 18. h3 bxa5 19. b3 f5 20. Bxg7 Kxg7 21. Ra2 Ndf6 22. Bf3
fxe4 23. Nxe4 Nxe4 24. Bxe4 Ng5 25. f3 Bxh3 26. gxh3 Rxf3 27. Qg2 Rbxb3 28.
Rxb3 Rxb3 29. Qg4 Nxh3+ 30. Kh1 Qf6 31. Qd7+ Kh6 32. Nh2 Qf4 33. Ng4+ Kg5 34.
Rg2 Qc1+ 35. Kh2 Qf4+ 36. Kh1 Qc1+ 37. Kh2 Qf4+ 38. Kh1 Rg3 39. Qe7+ Kxg4 40.
Qe6+ Kh5 41. Bxg6+ Kg5 42. Rxg3+ hxg3 43. Qxh3 Qf3+ 44. Kg1 Qf2+ 0-1

[Event "FIDE World Senior Team Championship 2020"]
[Site "Olympik hotel, Sokolovska 138, Prague"]
[Date "2020.03.12"]
[Round "7.4.1"]
[White "Farago, Ivan"]
[Black "Pruefer, Friedbert, Dr."]
[Result "1/2-1/2"]
[WhiteElo "2359"]
[BlackElo "2214"]
[PlyCount "78"]
[WhiteTeam "HUN"]
[BlackTeam "GER4"]
[EventDate "2020.03.06"]

1. d4 Nf6 2. Nf3 g6 3. c4 Bg7 4. Nc3 d5 5. Qb3 c6 6. e3 O-O 7. Bd2 Ne4 8. cxd5
Nxd2 9. Nxd2 cxd5 10. Qxd5 Nc6 11. Qxd8 Rxd8 12. a3 b6 13. Be2 Bb7 14. O-O e6
15. Rac1 Rac8 16. Rfd1 Kf8 17. Bf3 Rd7 18. Nb5 Ke7 19. Rc3 a6 20. Rdc1 axb5 21.
Bxc6 Bxc6 22. Rxc6 Rxc6 23. Rxc6 e5 24. Rxb6 exd4 25. exd4 Rxd4 26. Nf1 Rd5 27.
b4 Bb2 28. Ne3 Re5 29. Rb7+ Ke8 30. Kf1 Bxa3 31. Nc2 Bb2 32. f4 Rd5 33. Ne3 Rd2
34. Rxb5 Bd4 35. Rd5 Bxe3 36. Re5+ Kd7 37. Rxe3 Rd4 38. Rb3 Rxf4+ 39. Ke2 Kc6
1/2-1/2

[Event "FIDE World Senior Team Championship 2020"]
[Site "Olympik hotel, Sokolovska 138, Prague"]
[Date "2020.03.12"]
[Round "7.4.4"]
[White "Heinsohn, Guenther"]
[Black "Boguszlavszkij, Jevgenyij"]
[Result "1/2-1/2"]
[WhiteElo "2157"]
[BlackElo "2155"]
[PlyCount "45"]
[WhiteTeam "GER4"]
[BlackTeam "HUN"]
[EventDate "2020.03.06"]

1. e4 c6 2. d4 d5 3. Nd2 g6 4. h3 Bg7 5. Ngf3 Nh6 6. Bd3 f6 7. O-O O-O 8. Re1
Nf7 9. c4 e6 10. b4 Nd7 11. Bb2 dxe4 12. Nxe4 Re8 13. Nc3 e5 14. Bf1 exd4 15.
Nxd4 Nf8 16. Rxe8 Qxe8 17. c5 Bd7 18. Nf3 Rd8 19. Qb3 Be6 20. Bc4 Bxc4 21. Qxc4
Qe6 22. Qf1 Ng5 23. Nxg5 1/2-1/2

[Event "FIDE World Senior Team Championship 2020"]
[Site "Olympik hotel, Sokolovska 138, Prague"]
[Date "2020.03.12"]
[Round "7.5.1"]
[White "Boidman, Yuri"]
[Black "Waschk, Armin"]
[Result "0-1"]
[WhiteElo "2335"]
[BlackElo "2165"]
[PlyCount "60"]
[WhiteTeam "GER2"]
[BlackTeam "GER8"]
[EventDate "2020.03.06"]

1. Nf3 c5 2. e4 d6 3. d4 cxd4 4. Qxd4 Nc6 5. Bb5 Qd7 6. Bxc6 bxc6 7. O-O e5 8.
Qd3 Be7 9. Rd1 Nf6 10. Bg5 Qe6 11. Bxf6 Qxf6 12. Qc3 O-O 13. Qxc6 Bg4 14. Rd3
Rfc8 15. Qa4 Rab8 16. Nc3 Rxb2 17. Nd5 Qe6 18. Qxa7 Bd8 19. c3 f5 20. Nd2 Be2
21. Rg3 Qf7 22. Qe3 f4 23. Qxe2 fxg3 24. hxg3 Bg5 25. Qa6 Rcb8 26. Qxd6 Bxd2
27. Nb4 Rf8 28. Nd3 Rc2 29. Nxe5 Qxf2+ 30. Kh1 Bxc3 0-1

[Event "FIDE World Senior Team Championship 2020"]
[Site "Olympik hotel, Sokolovska 138, Prague"]
[Date "2020.03.12"]
[Round "7.5.2"]
[White "Luethke, Hans-Eckart"]
[Black "Khanukov, Boris"]
[Result "1/2-1/2"]
[WhiteElo "2091"]
[BlackElo "2293"]
[PlyCount "328"]
[WhiteTeam "GER8"]
[BlackTeam "GER2"]
[EventDate "2020.03.06"]

1. e4 g6 2. d4 Bg7 3. Nc3 c6 4. Be3 d5 5. Qd2 dxe4 6. Nxe4 Bf5 7. Ng3 Be6 8.
Nf3 Bd5 9. Be2 h5 10. c4 h4 11. cxd5 hxg3 12. dxc6 gxf2+ 13. Bxf2 Nxc6 14. d5
Ne5 15. Nxe5 Bxe5 16. Bb5+ Kf8 17. h3 Qd6 18. O-O Nf6 19. Rad1 Kg7 20. Qe2 a6
21. Bc4 b5 22. Bb3 Nh5 23. Rde1 Bf6 24. Qd2 Rad8 25. Re4 Ng3 26. Bxg3 Qxg3 27.
Qf4 Qxf4 28. Rfxf4 Rd6 29. a4 bxa4 30. Rxa4 Bxb2 31. Rf2 Bc3 32. Rc2 Be5 33.
Kf2 Rb6 34. Bc4 Rc8 35. Rca2 a5 36. Ke3 Bc3 37. Kd3 Bb4 38. Rf2 Rd6 39. Raa2 e6
40. Rac2 exd5 41. Bb3 Rxc2 42. Rxc2 f5 43. Kd4 Rd7 44. Ba4 Re7 45. Kxd5 Kh6 46.
Bc6 Kg5 47. Kd4 Kh4 48. Ra2 Kg3 49. Bd5 Re1 50. Bf7 g5 51. Bd5 f4 52. Kc4 Rc1+
53. Kd3 Re1 54. Kc4 Re3 55. Kd4 Be1 56. Bc6 Bf2 57. Kc4 Re5 58. Bd5 Bb6 59. Rb2
Bd8 60. Ra2 Re3 61. Bc6 Re1 62. Bd5 Rc1+ 63. Kd3 Rc5 64. Be4 Bf6 65. Rc2 Rb5
66. Bc6 Rb3+ 67. Kc4 Rb4+ 68. Kc5 Bd4+ 69. Kd6 Bb2 70. Kc5 Bf6 71. Ra2 Be7+ 72.
Kd5 Bd8 73. Kc5 Bb6+ 74. Kd5 Rd4+ 75. Ke5 Rd1 76. Be4 Bc7+ 77. Kf5 Rd4 78. Ra3+
Kh2 79. Bf3 Bd8 80. Kg4 Rd2 81. Be4 Rf2 82. Rd3 Be7 83. Rd7 Bc5 84. Kxg5 a4 85.
Rc7 Bd6 86. Ra7 a3 87. Kf5 Rb2 88. Bd5 Re2 89. Be4 a2 90. Bd3 Rxg2 91. Bc4 f3
92. Rxa2 Bg3 93. Ke4 f2 94. Bf1 Rg1 95. Ra1 Bh4 96. Rb1 Rg7 97. Kf3 Rf7+ 98.
Ke2 Kg1 99. Kd2 Rd7+ 100. Bd3+ Kg2 101. Kc2 Rc7+ 102. Kb3 Bg5 103. Bf1+ Kh2
104. Rd1 Bf6 105. Rd3 Rc1 106. Be2 Rb1+ 107. Kc4 f1=Q 108. Bxf1 Rxf1 109. Kd5
Bh4 110. Ke4 Bg3 111. Rb3 Kxh3 112. Rd3 Kg4 113. Rd4 Bf4 114. Rc4 Re1+ 115. Kd5
Kf5 116. Rd4 Re8 117. Kc4 Be5 118. Rd5 Ke4 119. Rd7 Rc8+ 120. Kb5 Bd4 121. Rh7
Rc5+ 122. Kb4 Rc6 123. Rh4+ Kd3 124. Rh3+ Be3 125. Rh5 Rc1 126. Kb5 Kd4 127.
Rh4+ Kd5 128. Rh5+ Kd6 129. Kb4 Bd4 130. Rh7 Be5 131. Rf7 Rc2 132. Rh7 Kd5 133.
Rd7+ Bd6+ 134. Kb3 Rc6 135. Rh7 Bf4 136. Rd7+ Ke4 137. Kb4 Be3 138. Kb5 Re6
139. Rh7 Bh6 140. Kc5 Bg5 141. Rh1 Be3+ 142. Kc4 Rc6+ 143. Kb5 Rc5+ 144. Kb4
Rf5 145. Rd1 Bd4 146. Kc4 Rc5+ 147. Kb4 Rc2 148. Rh1 Kd5 149. Rh5+ Be5 150. Kb3
Rb2+ 151. Ka3 Rb7 152. Rh4 Bd4 153. Rh6 Kc4 154. Rc6+ Bc5+ 155. Ka2 Rb5 156.
Rh6 Ra5+ 157. Kb2 Bd4+ 158. Kc2 Ra2+ 159. Kc1 Rg2 160. Rh3 Bc3 161. Kd1 Rd2+
162. Kc1 Kb3 163. Rh7 Re2 164. Rh1 Ra2 1/2-1/2

[Event "FIDE World Senior Team Championship 2020"]
[Site "Olympik hotel, Sokolovska 138, Prague"]
[Date "2020.03.12"]
[Round "7.5.3"]
[White "Salov, Sergej"]
[Black "Schulz, Michael"]
[Result "0-1"]
[WhiteElo "2135"]
[BlackElo "2122"]
[PlyCount "62"]
[WhiteTeam "GER2"]
[BlackTeam "GER8"]
[EventDate "2020.03.06"]

1. e4 e6 2. d4 d5 3. Nd2 Nf6 4. e5 Nfd7 5. f4 c5 6. c3 Nc6 7. Ndf3 Qa5 8. Be3
b5 9. a3 c4 10. g4 h5 11. gxh5 Rxh5 12. Ne2 g6 13. Ng3 Rh8 14. h4 Be7 15. h5
gxh5 16. Rxh5 Rg8 17. Kf2 Nf8 18. Bh3 Bd7 19. f5 exf5 20. Nxf5 O-O-O 21. Ng5 f6
22. Nxe7+ Nxe7 23. exf6 Nf5 24. Qf3 Nxe3 25. Qxe3 Rg6 26. f7 Qc7 27. Qg3 Bxh3
28. Qxh3+ Kb7 29. Qf5 Rdd6 30. Kg2 Qe7 31. Rf1 Qe2+ 0-1

[Event "FIDE World Senior Team Championship 2020"]
[Site "Olympik hotel, Sokolovska 138, Prague"]
[Date "2020.03.12"]
[Round "7.6.1"]
[White "Huss, Andreas"]
[Black "Jansa, Vlastimil"]
[Result "1/2-1/2"]
[WhiteElo "2253"]
[BlackElo "2439"]
[PlyCount "107"]
[WhiteTeam "SUI"]
[BlackTeam "CZE1"]
[EventDate "2020.03.06"]

1. d4 Nf6 2. c4 g6 3. Nf3 Bg7 4. Nc3 d5 5. cxd5 Nxd5 6. e4 Nxc3 7. bxc3 c5 8.
Rb1 O-O 9. Be2 b6 10. O-O Bb7 11. Qd3 e6 12. Bg5 Qc7 13. Qe3 Nd7 14. e5 Rae8
15. Bf4 Bd5 16. a4 Qb7 17. a5 Rc8 18. axb6 axb6 19. Bb5 Nb8 20. Be2 Rfd8 21.
Rb2 cxd4 22. cxd4 Rc7 23. Rfb1 Nd7 24. Bb5 Rb8 25. h4 Be4 26. Re1 Bxf3 27. gxf3
Bf8 28. Reb1 h5 29. Kg2 Be7 30. Bg3 Qa7 31. d5 Bc5 32. Qd2 exd5 33. e6 fxe6 34.
Qg5 Nf8 35. Bd3 Rbb7 36. Be5 Rg7 37. Re2 Be7 38. Qc1 Qa8 39. Bxg7 Kxg7 40. Qc6
Qb8 41. Reb2 Bd8 42. Re2 Rf7 43. Qc3+ Bf6 44. Qb4 Qd8 45. Qxb6 Bxh4 46. Qxd8
Bxd8 47. Ba6 Rc7 48. f4 Kf6 49. Rb8 Be7 50. Rc8 Rxc8 51. Bxc8 Bd6 52. Kf3 Kf5
53. Rd2 Kf6 54. Re2 1/2-1/2

[Event "FIDE World Senior Team Championship 2020"]
[Site "Olympik hotel, Sokolovska 138, Prague"]
[Date "2020.03.12"]
[Round "7.6.2"]
[White "Hausner, Ivan"]
[Black "Hohler, Peter"]
[Result "1-0"]
[WhiteElo "2339"]
[BlackElo "2057"]
[PlyCount "95"]
[WhiteTeam "CZE1"]
[BlackTeam "SUI"]
[EventDate "2020.03.06"]

1. c4 Nf6 2. Nc3 e6 3. d4 Bb4 4. f3 d5 5. a3 Bxc3+ 6. bxc3 c5 7. cxd5 exd5 8.
e3 O-O 9. Bd3 Re8 10. Ne2 b6 11. O-O Bb7 12. g4 Ba6 13. Bxa6 Nxa6 14. Ng3 Nc7
15. Ra2 Rc8 16. Rg2 Ne6 17. Nf5 cxd4 18. cxd4 Rc7 19. Bd2 a5 20. g5 Nd7 21. Qb3
Qa8 22. a4 Nef8 23. Bc1 Qc6 24. Ba3 Qe6 25. Qd3 Rd8 26. Rc2 Rxc2 27. Qxc2 g6
28. Nh6+ Kg7 29. e4 f6 30. Bc1 Qd6 31. gxf6+ Qxf6 32. Ng4 Qd6 33. Qb3 Ne6 34.
Qxd5 Qxd5 35. exd5 Nc7 36. Bg5 Re8 37. d6 Nd5 38. Ne5 N5f6 39. Rc1 Re6 40. Rc7
Rxd6 41. Bxf6+ Kxf6 42. Rxd7 Ke6 43. Rxd6+ Kxd6 44. Kf2 b5 45. axb5 a4 46. b6
a3 47. Nc4+ 1-0

[Event "FIDE World Senior Team Championship 2020"]
[Site "Olympik hotel, Sokolovska 138, Prague"]
[Date "2020.03.12"]
[Round "7.6.3"]
[White "Kradolfer, Georg"]
[Black "Lechtynsky, Jiri"]
[Result "0-1"]
[WhiteElo "1991"]
[BlackElo "2330"]
[PlyCount "82"]
[WhiteTeam "SUI"]
[BlackTeam "CZE1"]
[EventDate "2020.03.06"]

1. c4 g6 2. Nc3 Bg7 3. Nf3 c5 4. g3 b6 5. Bg2 Bb7 6. O-O Nf6 7. d3 O-O 8. e4
Nc6 9. Nd5 Ne8 10. Rb1 e6 11. Nf4 d6 12. a3 a5 13. Bd2 a4 14. Qc1 Na5 15. Bc3
Nb3 16. Qc2 Ra7 17. Bxg7 Nxg7 18. Ne2 e5 19. Nd2 Nxd2 20. Qxd2 f5 21. f4 Ne6
22. Rbe1 fxe4 23. Bxe4 Bxe4 24. dxe4 Nd4 25. Nxd4 cxd4 26. Qb4 exf4 27. gxf4
Rxf4 28. Rxf4 Qg5+ 29. Kh1 Qxf4 30. Qxb6 Rf7 31. Qxd4 Qf3+ 32. Kg1 Rf4 33. Qd5+
Kg7 34. Qd4+ Kf7 35. Qd5+ Ke7 36. Qb7+ Kf8 37. Qa8+ Kg7 38. Qa7+ Kf6 39. Qd4+
Ke7 40. Qg7+ Ke6 41. Qg8+ Kd7 0-1

[Event "FIDE World Senior Team Championship 2020"]
[Site "Olympik hotel, Sokolovska 138, Prague"]
[Date "2020.03.12"]
[Round "7.6.4"]
[White "Spacek, Petr"]
[Black "Staechelin, Ruedi"]
[Result "0-1"]
[WhiteElo "2333"]
[BlackElo "1994"]
[PlyCount "66"]
[WhiteTeam "CZE1"]
[BlackTeam "SUI"]
[EventDate "2020.03.06"]

1. Nf3 d5 2. g3 c6 3. Bg2 Nf6 4. O-O h6 5. b3 Bf5 6. Bb2 e6 7. d3 Be7 8. Nbd2
O-O 9. Re1 Nbd7 10. e4 dxe4 11. dxe4 Bh7 12. Qe2 Qc7 13. a3 Rfd8 14. h3 Ne8 15.
Rad1 e5 16. Nc4 f6 17. Nh4 Kh8 18. Bf3 Nf8 19. Nf5 Rxd1 20. Rxd1 Rd8 21. Bh5
Ne6 22. Rxd8 Qxd8 23. Qg4 N8c7 24. Bg6 Bf8 25. Bxh7 Kxh7 26. Nh4 Kh8 27. Ne3
Qe8 28. Kg2 Qf7 29. Qf5 Qe8 30. Ng4 Be7 31. Ng6+ Kg8 32. f4 exf4 33. gxf4 Qxg6
0-1

[Event "FIDE World Senior Team Championship 2020"]
[Site "Olympik hotel, Sokolovska 138, Prague"]
[Date "2020.03.12"]
[Round "7.7.1"]
[White "Boehnisch, Manfred"]
[Black "Ackermann, Hans Werner"]
[Result "1-0"]
[WhiteElo "2246"]
[BlackElo "2242"]
[PlyCount "103"]
[WhiteTeam "GER7"]
[BlackTeam "GER3"]
[EventDate "2020.03.06"]

1. e4 c5 2. Nf3 e6 3. c3 a6 4. d4 d5 5. exd5 exd5 6. Be3 c4 7. b3 cxb3 8. axb3
Bd6 9. g3 Nc6 10. Bg2 Nf6 11. O-O O-O 12. c4 h6 13. Nc3 Be6 14. Nd2 Bb4 15. Ne2
Re8 16. Rc1 Bg4 17. Nf3 Qd7 18. Nf4 Rad8 19. Nd3 Ba3 20. Ra1 Bd6 21. Qd2 Qf5
22. Nh4 Qh5 23. h3 dxc4 24. hxg4 Nxg4 25. Bxc6 Rxe3 26. fxe3 Bxg3 27. Bf3 Qxh4
28. Bxg4 cxd3 29. Qg2 Rd6 30. Rf3 Rg6 31. Rxg3 h5 32. Qh2 Qg5 33. Qxh5 Qxh5 34.
Bxh5 Rxg3+ 35. Kf2 Rg5 36. Bd1 Rb5 37. Rc1 g6 38. Rc3 f5 39. Rxd3 Kf7 40. Rc3
Ke6 41. Kf3 g5 42. Rc8 Rb4 43. Rc5 f4 44. Rc4 Rb5 45. e4 Ra5 46. Rc1 Rb5 47.
Kg4 a5 48. Rc4 Kf6 49. e5+ Ke7 50. Kxg5 Rd5 51. Kxf4 b5 52. Ke4 1-0

[Event "FIDE World Senior Team Championship 2020"]
[Site "Olympik hotel, Sokolovska 138, Prague"]
[Date "2020.03.12"]
[Round "7.7.2"]
[White "Baum, Bernd, Dr."]
[Black "Beltz, Robert"]
[Result "1-0"]
[WhiteElo "2249"]
[BlackElo "2158"]
[PlyCount "113"]
[WhiteTeam "GER3"]
[BlackTeam "GER7"]
[EventDate "2020.03.06"]

1. c4 c5 2. Nf3 g6 3. d4 cxd4 4. Nxd4 Bg7 5. e4 Nc6 6. Be3 Nf6 7. Nc3 O-O 8.
Be2 d6 9. Nc2 Be6 10. O-O Rc8 11. Qd2 Ng4 12. Bxg4 Bxg4 13. Rac1 Re8 14. b3 Qa5
15. Nd4 Bd7 16. Rfd1 Qh5 17. Nce2 Nxd4 18. Bxd4 Bxd4 19. Nxd4 b5 20. cxb5 Bxb5
21. Qa5 a6 22. a4 Be2 23. Qxh5 Bxh5 24. f3 g5 25. Nc6 Rc7 26. Rd5 f6 27. Ra5
Ra8 28. b4 Be8 29. b5 Kf8 30. Kf2 Bxc6 31. bxc6 Ke8 32. Ke3 Kd8 33. f4 gxf4+
34. Kxf4 e5+ 35. Kf5 Ke7 36. h4 h5 37. Rc2 Rcc8 38. Rb2 Rxc6 39. Rb7+ Kd8 40.
Rd5 Kc8 41. Rh7 Rb8 42. Rxh5 Rb2 43. g3 Rf2+ 44. Ke6 Re2 45. Rh8+ Kb7 46. Rh7+
Rc7 47. Rxc7+ Kxc7 48. Rxd6 Rxe4 49. Rxa6 Rg4 50. Kxf6 Rxg3 51. h5 Rh3 52. Kg6
Rg3+ 53. Kf5 Rh3 54. h6 Rh5+ 55. Kg6 Rh1 56. h7 Kb7 57. Re6 1-0

[Event "FIDE World Senior Team Championship 2020"]
[Site "Olympik hotel, Sokolovska 138, Prague"]
[Date "2020.03.12"]
[Round "7.9.4"]
[White "McKerracher, Douglas"]
[Black "Fencl, Vaclav"]
[Result "1/2-1/2"]
[WhiteElo "1852"]
[BlackElo "1857"]
[PlyCount "50"]
[WhiteTeam "SCO"]
[BlackTeam "CZE3"]
[EventDate "2020.03.06"]

1. e4 e5 2. Nf3 d6 3. d4 Nf6 4. Nc3 Nbd7 5. Bc4 Be7 6. O-O O-O 7. Re1 c6 8. a4
Qc7 9. a5 Rb8 10. h3 b5 11. axb6 axb6 12. Be3 b5 13. Bd3 Re8 14. Qe2 Bf8 15.
dxe5 Nxe5 16. Nxe5 dxe5 17. f3 Be6 18. Ra7 Rb7 19. Rea1 Reb8 20. Qf2 Rxa7 21.
Rxa7 Rb7 22. Rxb7 Qxb7 23. b3 Nd7 24. Qe2 Qa8 25. Kh2 Nc5 1/2-1/2

[Event "FIDE World Senior Team Championship 2020"]
[Site "Olympik hotel, Sokolovska 138, Prague"]
[Date "2020.03.12"]
[Round "7.10.1"]
[White "Ruzicka, Zdenek"]
[Black "Ogaard, Leif"]
[Result "1-0"]
[WhiteElo "2163"]
[BlackElo "2362"]
[PlyCount "101"]
[WhiteTeam "CZE4"]
[BlackTeam "NOR1"]
[EventDate "2020.03.06"]

1. d4 Nf6 2. c4 e6 3. Nc3 Bb4 4. Qc2 O-O 5. a3 Bxc3+ 6. Qxc3 b6 7. Nf3 Bb7 8.
g3 d6 9. Bg2 Nbd7 10. O-O c5 11. dxc5 Nxc5 12. Be3 Rc8 13. Bxc5 Rxc5 14. b4 Rc7
15. Qb3 Bxf3 16. Bxf3 Qc8 17. Rfd1 Rd8 18. Rd4 e5 19. Rh4 g5 20. Rh6 Kg7 21.
Rxf6 Kxf6 22. Bd5 a6 23. a4 Qd7 24. Qe3 Rb8 25. Ra3 h6 26. Qe4 Kg7 27. Rf3 Rf8
28. g4 f5 29. gxf5 Qxa4 30. Qg4 Qe8 31. h4 Kf6 32. Rh3 Rh8 33. e4 Rg7 34. h5
Qa4 35. b5 a5 36. Rd3 Qb4 37. Qd1 Rd8 38. Bc6 a4 39. Qc2 a3 40. c5 Qxc5 41. Qa2
d5 42. Rxa3 g4 43. Kg2 Qc4 44. Bxd5 Qxa2 45. Rxa2 Rc7 46. Ra6 Rb8 47. Bc6 Kg5
48. Ra1 Rd8 49. Ra6 Kxh5 50. Rxb6 Rd6 51. Be8+ 1-0

[Event "FIDE World Senior Team Championship 2020"]
[Site "Olympik hotel, Sokolovska 138, Prague"]
[Date "2020.03.12"]
[Round "7.10.2"]
[White "Heim, Sverre"]
[Black "Jedlicka, Vladimir"]
[Result "1-0"]
[WhiteElo "2316"]
[BlackElo "2068"]
[PlyCount "55"]
[WhiteTeam "NOR1"]
[BlackTeam "CZE4"]
[EventDate "2020.03.06"]

1. e4 e5 2. Nf3 d6 3. d4 Nd7 4. c4 c6 5. Nc3 Ngf6 6. Be2 Qc7 7. O-O Be7 8. Re1
h6 9. b3 Nf8 10. Bb2 g5 11. c5 Ng6 12. cxd6 Bxd6 13. Rc1 Qe7 14. dxe5 Nxe5 15.
Qd2 Nxf3+ 16. Bxf3 Bf4 17. Qd4 Bxc1 18. Rxc1 c5 19. Qd2 O-O 20. e5 Ne8 21. Nd5
Qe6 22. h3 f5 23. exf6 Qf7 24. h4 Be6 25. hxg5 Kh8 26. Ne7 hxg5 27. Qxg5 Nxf6
28. Qh6+ 1-0